<?xml version="1.0" encoding="UTF-8"?>
<collection xmlns="http://www.loc.gov/MARC21/slim">
 <record>
  <leader>01629nam a22002417a 4500</leader>
  <controlfield tag="001">NCT_38583</controlfield>
  <controlfield tag="008">180602b        xxu||||| |||| 00| 0 vie d</controlfield>
  <datafield tag="999" ind1=" " ind2=" ">
   <subfield code="c">1863</subfield>
   <subfield code="d">1863</subfield>
  </datafield>
  <datafield tag="020" ind1=" " ind2=" ">
   <subfield code="c">84000</subfield>
  </datafield>
  <datafield tag="082" ind1="0" ind2="4">
   <subfield code="2">23rd ed.</subfield>
   <subfield code="a">726.9597</subfield>
   <subfield code="b">L106</subfield>
  </datafield>
  <datafield tag="100" ind1="1" ind2=" ">
   <subfield code="a">Vũ Tạm Lang</subfield>
  </datafield>
  <datafield tag="245" ind1="1" ind2="0">
   <subfield code="a">Kiến trúc cổ Việt Nam</subfield>
   <subfield code="c">Vũ Tạm Lang</subfield>
  </datafield>
  <datafield tag="250" ind1=" " ind2=" ">
   <subfield code="a">Tái bản</subfield>
  </datafield>
  <datafield tag="260" ind1=" " ind2=" ">
   <subfield code="a">H.</subfield>
   <subfield code="b">Xây dựng</subfield>
   <subfield code="c">2015</subfield>
  </datafield>
  <datafield tag="300" ind1=" " ind2=" ">
   <subfield code="a">216 tr.</subfield>
   <subfield code="b">minh họa</subfield>
   <subfield code="c">27cm</subfield>
  </datafield>
  <datafield tag="520" ind1="3" ind2=" ">
   <subfield code="a">Nội dung  sách  nói về xây dựng và phát triển nền kiến trúc xã hội chủ nghĩa có tính hiện đại và tính dân tộc là mục tiêu sáng tạo của các kiến trúc sư, những người làm công tác trong ngành kiến trúc và xây dựng với sự cộng tác, hỗ trợ của các nhà nghiên cứu...</subfield>
  </datafield>
  <datafield tag="653" ind1=" " ind2=" ">
   <subfield code="a">Kiến trúc</subfield>
  </datafield>
  <datafield tag="942" ind1=" " ind2=" ">
   <subfield code="2">ddc</subfield>
   <subfield code="c">BK</subfield>
  </datafield>
  <datafield tag="952" ind1=" " ind2=" ">
   <subfield code="0">0</subfield>
   <subfield code="1">0</subfield>
   <subfield code="2">ddc</subfield>
   <subfield code="4">0</subfield>
   <subfield code="6">726_959700000000000_L106</subfield>
   <subfield code="7">0</subfield>
   <subfield code="9">9441</subfield>
   <subfield code="a">000001</subfield>
   <subfield code="b">000001</subfield>
   <subfield code="d">2018-06-02</subfield>
   <subfield code="o">726.9597 L106</subfield>
   <subfield code="p">MD.08589</subfield>
   <subfield code="r">2018-06-02</subfield>
   <subfield code="v">84000.00</subfield>
   <subfield code="w">2018-06-02</subfield>
   <subfield code="y">BK</subfield>
  </datafield>
  <datafield tag="952" ind1=" " ind2=" ">
   <subfield code="0">0</subfield>
   <subfield code="1">0</subfield>
   <subfield code="2">ddc</subfield>
   <subfield code="4">0</subfield>
   <subfield code="6">726_959700000000000_L106</subfield>
   <subfield code="7">0</subfield>
   <subfield code="9">9442</subfield>
   <subfield code="a">000001</subfield>
   <subfield code="b">000001</subfield>
   <subfield code="d">2018-06-02</subfield>
   <subfield code="o">726.9597 L106</subfield>
   <subfield code="p">MD.08590</subfield>
   <subfield code="r">2018-06-02</subfield>
   <subfield code="v">84000.00</subfield>
   <subfield code="w">2018-06-02</subfield>
   <subfield code="y">BK</subfield>
  </datafield>
  <datafield tag="952" ind1=" " ind2=" ">
   <subfield code="0">0</subfield>
   <subfield code="1">0</subfield>
   <subfield code="2">ddc</subfield>
   <subfield code="4">0</subfield>
   <subfield code="6">726_959700000000000_L106</subfield>
   <subfield code="7">0</subfield>
   <subfield code="9">9443</subfield>
   <subfield code="a">000001</subfield>
   <subfield code="b">000001</subfield>
   <subfield code="d">2018-06-02</subfield>
   <subfield code="l">2</subfield>
   <subfield code="o">726.9597 L106</subfield>
   <subfield code="p">MD.08591</subfield>
   <subfield code="q">2020-11-11</subfield>
   <subfield code="r">2020-10-28</subfield>
   <subfield code="s">2020-10-28</subfield>
   <subfield code="v">84000.00</subfield>
   <subfield code="w">2018-06-02</subfield>
   <subfield code="y">BK</subfield>
  </datafield>
  <datafield tag="952" ind1=" " ind2=" ">
   <subfield code="0">0</subfield>
   <subfield code="1">0</subfield>
   <subfield code="2">ddc</subfield>
   <subfield code="4">0</subfield>
   <subfield code="6">726_959700000000000_L106</subfield>
   <subfield code="7">0</subfield>
   <subfield code="9">9444</subfield>
   <subfield code="a">000001</subfield>
   <subfield code="b">000001</subfield>
   <subfield code="d">2018-06-02</subfield>
   <subfield code="l">1</subfield>
   <subfield code="o">726.9597 L106</subfield>
   <subfield code="p">MD.08750</subfield>
   <subfield code="r">2019-12-12</subfield>
   <subfield code="s">2019-11-29</subfield>
   <subfield code="v">84000.00</subfield>
   <subfield code="w">2018-06-02</subfield>
   <subfield code="y">BK</subfield>
  </datafield>
  <datafield tag="980" ind1=" " ind2=" ">
   <subfield code="a">Thư viện Trường Đại học Nam Cần Thơ</subfield>
  </datafield>
 </record>
</collection>
